The evolution of scientific thought from Newton to Einstein

Gorde:
Xehetasun bibliografikoak
Egile nagusia: D'Abro, A.
Formatua: Liburua
Hizkuntza:Undetermined
Argitaratua: New York Dover Publication,Inc 1972
Gaiak:
Etiketak: Etiketa erantsi
Etiketarik gabe, Izan zaitez lehena erregistro honi etiketa jartzen!
Thư viện lưu trữ: Trung tâm Học liệu Trường Đại học Cần Thơ
LEADER 00505nam a2200181Ia 4500
001 CTU_81500
008 210402s9999 xx 000 0 und d
082 |a 530.1 
082 |b A158 
100 |a D'Abro, A. 
245 4 |a The evolution of scientific thought from Newton to Einstein 
245 0 |c A. D'Abro 
260 |a New York 
260 |b Dover Publication,Inc 
260 |c 1972 
650 |a Physics,Relativity 
904 |i Trọng Hải 
980 |a Trung tâm Học liệu Trường Đại học Cần Thơ